000 00585nam a2200181 4500
001 139460
003 ES-MaACL
005 20230906195818.0
007 t|
008 070214s1959 sp r ||||1| spa d
100 1 _aSchapiro, Meyer.
_9104234
245 1 0 _aPaul Cézanne /
_ctexto de Meyer Schapiro ; traducción de Margarita Fontseré de Petit.
260 _aBarcelona [etc.] :
_bLabor,
_c1959.
300 _a130 p., 50, 1 lám. col. :
_bil. ;
_c32 cm.
700 0 _aFontseré, Margarita.
_951656
852 _aES-MaACL
_jF-15358
_bR.44724
852 _aES-MaACL
_jC-40908
_bR.75222
999 _c139460
_d139460